02471nam a2200301 i 4500003000900000005001700009007000300026008004100029020001800070040003000088082002000118100004000138245009400178246013100272250002200403264006500425300004500490336002700535337003300562338002800595500006000623500002600683500010100709500021200810505002201022520106501044710006002109DO-SdBNP20250603135714.0ta250603s2025 dr a 000 0 spa d a9789945291599 aDO-SdBNPbspacBNPHUerda 4axxxxbD542c2221 aDíaz, Rafael,d1960-eautor4aut.10aCompendio terminológico bilingüe para medicina :bmaster book No. 3 /cRafael Díaz10aExpresiones y vocabulario para todas las ramas de la medicina :bpara facilitar el desempeño comunicativo de los médicos / aTercera edición 4a[Higüey, República Dominicana] :b[C.E.F.O.],c©[2025]. a535 páginas :bilustraciones ;c28 cm. atextobtxt2rdacontent asin mediaciónbn2rdamedia avolumenbnc2rdacarrier aIncluye datos biografícos del autor en la página 1. aLibro de pasta dura.  aLos datos de isbn y reseña, fueron tomados de la página del ISBN de República Dominicana.  aLos datos de la editora, fueron encontrados en la página de instagram (Centro De Formation CEFO Centro de Estudio- Formación y Orientación. C.E.F.O HIGUEY TEL:809-554-3457 @:lic.rafaeldiaz@hotmail.com) gEnglish-Español aEl aprendizaje de la terminología médica ofrece innumerables ventajas, entre las cuales se encuentran, las que se refieren al terreno de las especialidades médicas • Con referencia particularmente a la terminología médica en inglés y español, hay que resaltar, los beneficios que del conocimiento que de ella se desprenden; los grandes avances que se están dando dentro del campo de la medicina a escala mundial ha motivado a los médicos a aprender el idioma inglés como herramienta para un mejor desempeño en sus labores cotidianas e investigaciones científicas, cualquier médico que domina bien esta lengua está en una posición ventajosa para realizar brillantemente cualquier puesto de trabajo. Esto significa mejores condiciones, tales como un mayor beneficio económico y mejores facilidades de triunfo dentro de su carrera. Actualmente, en vista de las exigencias de la vida en el campo médico, se ha hecho imprescindible el uso de la terminología médica en ingles -español en las diferentes ramas de la medicina. aCentro de Estudio Formación y Orientación (C.E.F.O)